|
|
|
|
| LEADER |
00000nam a2200000 4500 |
| 001 |
vtls012287797 |
| 003 |
SK-MaSNL |
| 005 |
20260302063517.0 |
| 008 |
251121t1771 ne a r 00| 0 fre |
| 015 |
|
|
|a SNBHFA1771
|
| 040 |
|
|
|a SNKHF
|b slo
|c SNK
|e rda
|
| 041 |
|
|
|a fre
|
| 044 |
|
|
|a ne
|c NL
|
| 072 |
|
7 |
|a 82
|x Literatúra. Literárny život
|2 konspekt
|
| 080 |
|
|
|a 82:93/94
|2 2011
|
| 100 |
1 |
|
|a Robertson, William,
|d 1721-1793
|4 aut
|9 374581
|
| 245 |
1 |
0 |
|a L'Histoire Du Regne De L'empereur Charles-Quint:
|b Précédée d'un Tableau des progrès de la Société en Europe, depuis la destruction de l'Empire Romain jusqu'au commencement du seizieme siècle par M. Robertson, Docteur en Théologie, Principal de l'Université d'Edimbourg, & Historiographe de Sa Majesté Britannique pour l'Ecosse. Ouvrage Traduit De L'Anglois.
|n Tome Second
|
| 264 |
|
3 |
|a A Amsterdam
|b Chez Saillant & Nyon ; Pissot ; De Saint ; Panckoucke
|c M.DCC.LXXI. (1771)
|
| 264 |
|
2 |
|a A Paris
|b Chez Saillant & Nyon ; Pissot ; De Saint ; Panckoucke
|c M.DCC.LXXI. (1771)
|
| 300 |
|
|
|a 474 strán
|c 16 cm
|
| 336 |
|
|
|a text
|b txt
|2 rdacontent
|
| 337 |
|
|
|a bez média
|b n
|2 rdamedia
|
| 338 |
|
|
|a zväzok
|b nc
|2 rdacarier
|
| 500 |
|
|
|a kustódy, signet na titulnom liste, koncová vineta, ilustrácie
|
| 563 |
|
|
|a Väzba pôvodná, kožená.
|5 SNK ID 102267/2
|
| 650 |
0 |
7 |
|a literatúra a dejiny
|2 SNKPH
|9 94209
|
| 710 |
2 |
|
|a Pissot (Paríž, Francúzsko)
|4 prt
|9 374583
|
| 710 |
2 |
|
|a Panckoucke (Paríž, Francúzsko)
|4 prt
|9 374584
|
| 710 |
2 |
|
|a De Saint (Paríž, Francúzsko)
|4 prt
|9 374585
|
| 710 |
2 |
|
|a Saillant & Nyon (Paríž, Francúzsko)
|4 prt
|9 374582
|
| 752 |
|
|
|a Francúzsko
|d Paríž
|
| 752 |
|
|
|a Holandsko
|d Amsterdam
|
| 852 |
|
|
|a snk
|b Aponiovská knižnica
|p ID 102267/2
|
| 958 |
|
|
|a ONDV
|
| 958 |
|
|
|a DD
|
| 999 |
|
|
|c 1132821
|d 1134751
|
| 952 |
|
|
|t Op. XXXI/125
|a SNK
|b SNK
|c SNK_HF
|y PREZ
|7 0
|p 17A1488504
|o snkID 102267/2
|i snk2025/18898
|8 5
|0 0
|1 0
|4 0
|d 2025-11-21
|l 0
|r 2026-02-24 19:07:59
|w 2026-02-24
|